<?xml version="1.0" encoding="UTF-8"?><?xml-stylesheet type="text/xsl" href="static/style.xsl"?><OAI-PMH xmlns="http://www.openarchives.org/OAI/2.0/" xmlns:xsi="http://www.w3.org/2001/XMLSchema-instance" xsi:schemaLocation="http://www.openarchives.org/OAI/2.0/ http://www.openarchives.org/OAI/2.0/OAI-PMH.xsd"><responseDate>2026-04-28T01:57:39Z</responseDate><request verb="GetRecord" identifier="oai:uvadoc.uva.es:10324/41585" metadataPrefix="marc">https://uvadoc.uva.es/oai/request</request><GetRecord><record><header><identifier>oai:uvadoc.uva.es:10324/41585</identifier><datestamp>2021-06-30T03:10:16Z</datestamp><setSpec>com_10324_38</setSpec><setSpec>col_10324_852</setSpec></header><metadata><record xmlns="http://www.loc.gov/MARC21/slim" xmlns:doc="http://www.lyncode.com/xoai" xmlns:xsi="http://www.w3.org/2001/XMLSchema-instance" xmlns:dcterms="http://purl.org/dc/terms/" xsi:schemaLocation="http://www.loc.gov/MARC21/slim http://www.loc.gov/standards/marcxml/schema/MARC21slim.xsd">
<leader>00925njm 22002777a 4500</leader>
<datafield tag="042" ind1=" " ind2=" ">
<subfield code="a">dc</subfield>
</datafield>
<datafield tag="720" ind1=" " ind2=" ">
<subfield code="a">Lafuente Yanguas, María</subfield>
<subfield code="e">author</subfield>
</datafield>
<datafield tag="260" ind1=" " ind2=" ">
<subfield code="c">2020</subfield>
</datafield>
<datafield tag="520" ind1=" " ind2=" ">
<subfield code="a">La enfermedad aneurismática se define como una dilatación del&#xd;
50% del diámetro arterial. Su localización más frecuente es a nivel de la aorta&#xd;
abdominal. Los aneurismas de arteria ilíaca no suelen presentarse de manera aislada,&#xd;
sino asociados a los de aorta abdominal. Dada su localización, su reparación es&#xd;
compleja, por ello se han de disponer de una gran cantidad de datos sobre la&#xd;
morfología y anatomía de las arterias dilatadas de manera preoperatoria que se&#xd;
obtienen a través de las imágenes proporcionadas por angioTAC. En función de ello,&#xd;
se decidirá el abordaje más apropiado, abierto o endovascular, así como se&#xd;
seleccionará la prótesis con las características que más se adapten a lo necesitado.&#xd;
Disponer de datos sobre la morfometría de los aneurismas ilíacos&#xd;
es imprescindible para escoger el tipo de tratamiento que se llevará a cabo así como&#xd;
su planificación. Estos datos además serían un punto de partida para que la industria&#xd;
facilite dispositivos genéricos que nos pueda aportar una solución en un número&#xd;
importante de casos.</subfield>
</datafield>
<datafield tag="024" ind2=" " ind1="8">
<subfield code="a">http://uvadoc.uva.es/handle/10324/41585</subfield>
</datafield>
<datafield tag="245" ind1="0" ind2="0">
<subfield code="a">Estudio de las arterias ilíacas en pacientes portadores de aneurismas aortoilíacos. Valoración morfológica y morfométrica</subfield>
</datafield>
</record></metadata></record></GetRecord></OAI-PMH>